Cartilla laboral Legis / (Registro nro. 4102)
[ vista simple ]
| 000 -LEADER | |
|---|---|
| fixed length control field | 00998nam a2200253Ia 4500 |
| 003 - CONTROL NUMBER IDENTIFIER | |
| control field | OSt |
| 005 - DATE AND TIME OF LATEST TRANSACTION | |
| control field | 20210114092612.0 |
| 008 - FIXED-LENGTH DATA ELEMENTS--GENERAL INFORMATION | |
| fixed length control field | 191128t2016 ck grl f001 0 spa d |
| 020 ## - INTERNATIONAL STANDARD BOOK NUMBER | |
| International Standard Book Number | 9789587673326 |
| 040 ## - CATALOGING SOURCE | |
| Original cataloging agency | CO-JMCR |
| Transcribing agency | CO-JMCR |
| 041 0# - LANGUAGE CODE | |
| Language code of text/sound track or separate title | spa |
| 082 04 - DEWEY DECIMAL CLASSIFICATION NUMBER | |
| Classification number | 344.86101 / |
| Item number | C718c |
| Edition number | 23 |
| 110 1# - MAIN ENTRY--CORPORATE NAME | |
| Corporate name or jurisdiction name as entry element | Colombia. |
| 9 (RLIN) | 8040 |
| 245 10 - TITLE STATEMENT | |
| Title | Cartilla laboral Legis / |
| 250 ## - EDITION STATEMENT | |
| Edition statement | 30a. edición |
| 260 ## - PUBLICATION, DISTRIBUTION, ETC. | |
| Place of publication, distribution, etc. | [Bogotá] : |
| Name of publisher, distributor, etc. | Legis, |
| Date of publication, distribution, etc. | ©2016 |
| 300 ## - PHYSICAL DESCRIPTION | |
| Extent | 261 páginas ; |
| Dimensions | 27 cm. |
| 500 ## - GENERAL NOTE | |
| General note | Incluye índice alfabético-informativo. |
| 505 0# - FORMATTED CONTENTS NOTE | |
| Formatted contents note | Sistemas de protección social -- Selección de personal -- Contrato de trabajo -- Intermediación laboral, empresas de servicios temporales y cooperativas de trabajo social -- Obligaciones del empleador -- Retención en la fuente para asalariados |
| 650 14 - SUBJECT ADDED ENTRY--TOPICAL TERM | |
| Topical term or geographic name entry element | Derecho laboral |
| General subdivision | aspectos jurídicos |
| Geographic subdivision | Colombia |
| 9 (RLIN) | 8767 |
| 650 14 - SUBJECT ADDED ENTRY--TOPICAL TERM | |
| Topical term or geographic name entry element | Legislación laboral |
| Geographic subdivision | Colombia |
| 9 (RLIN) | 8768 |
| 650 14 - SUBJECT ADDED ENTRY--TOPICAL TERM | |
| Topical term or geographic name entry element | Prestaciones sociales |
| General subdivision | legislación |
| Geographic subdivision | Colombia |
| 9 (RLIN) | 8769 |
| 942 ## - ADDED ENTRY ELEMENTS (KOHA) | |
| Source of classification or shelving scheme | Dewey Decimal Classification |
| Koha item type | Books |
| Withdrawn status | Lost status | Source of classification or shelving scheme | Damaged status | Not for loan | Collection code | Home library | Current library | Date acquired | Source of acquisition | Total Checkouts | Total Renewals | Full call number | Barcode | Date last seen | Date last checked out | Copy number | Koha item type |
|---|---|---|---|---|---|---|---|---|---|---|---|---|---|---|---|---|---|
| Dewey Decimal Classification | Non-fiction | Biblioteca Pública José María del Castillo y Rada | Biblioteca Pública José María del Castillo y Rada | 07/22/2018 | Donación | 2 | 2 | 344.86101 / C718c | 201808904 | 05/16/2024 | 04/24/2024 | Ej.1 | Books |